<?xml version="1.0" encoding="UTF-8"?>
<record
    xmlns:xsi="http://www.w3.org/2001/XMLSchema-instance"
    xsi:schemaLocation="http://www.loc.gov/MARC21/slim http://www.loc.gov/standards/marcxml/schema/MARC21slim.xsd"
    xmlns="http://www.loc.gov/MARC21/slim">

  <leader>01767nam a2200229Ia 4500</leader>
  <controlfield tag="001">b6326-44777 </controlfield>
  <controlfield tag="003">IT-MiCISF</controlfield>
  <controlfield tag="008">161014s9999||||xx |||||||||||||| ||und||</controlfield>
  <datafield tag="040" ind1=" " ind2=" ">
    <subfield code="a">IT-MiCISF</subfield>
    <subfield code="c">IT-MiCISF</subfield>
  </datafield>
  <datafield tag="041" ind1=" " ind2=" ">
    <subfield code="a">it</subfield>
  </datafield>
  <datafield tag="100" ind1=" " ind2=" ">
    <subfield code="a">Ozonoff Sally</subfield>
  </datafield>
  <datafield tag="245" ind1=" " ind2="0">
    <subfield code="a">Sindrome di Asperger e autismo. Una guida per i genitori</subfield>
    <subfield code="b">Come affrontare le sfide e aiutare tuo figlio ad avere successo</subfield>
  </datafield>
  <datafield tag="250" ind1=" " ind2=" ">
    <subfield code="a">1a ed.</subfield>
  </datafield>
  <datafield tag="260" ind1=" " ind2=" ">
    <subfield code="a"> Roma</subfield>
    <subfield code="b">Armando</subfield>
    <subfield code="c">2007 [Edizione originale: 2002]</subfield>
  </datafield>
  <datafield tag="300" ind1=" " ind2=" ">
    <subfield code="a">pp. 192</subfield>
  </datafield>
  <datafield tag="500" ind1=" " ind2=" ">
    <subfield code="a"> / disturbi-sviluppo, educazione, educazione-genitori, scuola, infanzia, adolescenza / Fu Hans Asperger, pediatra austriaco, a definire per la prima volta nel 1944 la sindrome che poi prender&#xE0; il suo nome, in un suo lavoro che non ebbe grande diffusione all'epoca ma che fu ripreso e pubblicato quasi quarant'anni dopo. Finora la ricerca ha riscontrato poche differenze tra questo disturbo e l'autismo ad alto funzionamento e il dibattito in ambito clinico &#xE8; dunque tuttora aperto. Gli AA. del volume si rivolgono ai genitori, e non solo, dei bambini affetti da sindrome di Asperger, consapevoli non solo delle difficolt&#xE0; che si incontrano nella diagnosi del disturbo ma soprattutto nella vita familiare quotidiana, offrendosi come utile strumento per lavorare con il bambino attraverso le capacit&#xE0; da lui sviluppate in et&#xE0; precoce. Proponendo una serie di problematiche si descrivono le strategie utili per insegnarli ad interagire con i fratelli e i coetanei, a comprendere le regole di comportamento e a partecipare attivamente alla vita familiare e scolastica.</subfield>
  </datafield>
  <datafield tag="650" ind1=" " ind2=" ">
    <subfield code="a"> Genitorialit&#xE0; e problemi educativi / educazione</subfield>
    <subfield code="e">004</subfield>
  </datafield>
  <datafield tag="700" ind1=" " ind2=" ">
    <subfield code="a">Dawson Gelardine</subfield>
  </datafield>
  <datafield tag="700" ind1=" " ind2=" ">
    <subfield code="a">McPartland James</subfield>
  </datafield>
  <datafield tag="942" ind1=" " ind2=" ">
    <subfield code="c">BK</subfield>
  </datafield>
  <datafield tag="957" ind1=" " ind2=" ">
    <subfield code="7">1</subfield>
  </datafield>
  <datafield tag="999" ind1=" " ind2=" ">
    <subfield code="a">44777</subfield>
    <subfield code="b">si</subfield>
    <subfield code="g">1</subfield>
    <subfield code="c">210728</subfield>
    <subfield code="d">210728</subfield>
  </datafield>
  <datafield tag="952" ind1=" " ind2=" ">
    <subfield code="0">0</subfield>
    <subfield code="1">0</subfield>
    <subfield code="4">0</subfield>
    <subfield code="6">B_632644777</subfield>
    <subfield code="7">1</subfield>
    <subfield code="a">CISF</subfield>
    <subfield code="b">CISF</subfield>
    <subfield code="d">2016-10-14</subfield>
    <subfield code="l">0</subfield>
    <subfield code="o">b6326-44777 </subfield>
    <subfield code="r">2016-10-14 00:00:00</subfield>
    <subfield code="w">2016-10-14</subfield>
    <subfield code="y">BK</subfield>
    <subfield code="z">Data import 15.10.2016 / by Epidotti, Vaglietti</subfield>
  </datafield>
</record>
